[Event "Regionalliga NW 0910"]
[Site "Bayern"]
[Date "2010.03.21"]
[Round "8.6"]
[White "Heimerdinger, Joerg"]
[Black "Seidel, Michael"]
[Result "0-1"]
[WhiteElo "2002"]
[BlackElo "1930"]
[PlyCount "64"]
[EventDate "2009.10.18"]
[EventType "team-tourn"]
[EventRounds "9"]
[EventCountry "GER"]
[SourceTitle "EXT 2011"]
[Source "ChessBase"]
[SourceDate "2010.11.26"]
[SourceVersion "1"]
[SourceVersionDate "2010.11.26"]
[SourceQuality "1"]
[WhiteTeam "Bindlach II"]
[BlackTeam "Hof"]
[WhiteTeamCountry "GER"]
[BlackTeamCountry "GER"]

1. e4 d6 2. d4 Nf6 3. Nc3 g6 4. Be3 c6 5. Qd2 b5 6. f3 Nbd7 7. a4 b4 8. Nd1 a5 9. c4 bxc3 10. bxc3 Qc7 11. Bd3 e5 12. Ne2 Bg7 13. 0-0 0-0 14. Bh6 Ba6 15. Bxg7 Kxg7 16. Ne3 h6 17. f4 Bxd3 18. Qxd3 Rab8 19. fxe5 dxe5 20. Ng3 Rb3 21. Qd2 Ng8 22. Qd1 Rxc3 23. Nef5+ Kh7 24. Qd2 Rb3 25. Rac1 gxf5 26. Nxf5 Qb6 27. Kh1 exd4 28. Nxd4 Rb2 29. Qd1 Ne5 30. Nf5 Qb4 31. Rf4 Qd2 32. Qf1 Nd3 0-1

[Event "Regionalliga NW 0910"]
[Site "Bayern"]
[Date "2010.01.24"]
[Round "5.7"]
[White "Stumpf, Alexander"]
[Black "Seidel, Michael"]
[Result "0-1"]
[WhiteElo "1809"]
[BlackElo "1930"]
[PlyCount "70"]
[EventDate "2009.10.18"]
[EventType "team-tourn"]
[EventRounds "9"]
[EventCountry "GER"]
[SourceTitle "EXT 2011"]
[Source "ChessBase"]
[SourceDate "2010.11.26"]
[SourceVersion "1"]
[SourceVersionDate "2010.11.26"]
[SourceQuality "1"]
[WhiteTeam "Bad Neustadt"]
[BlackTeam "Hof"]
[WhiteTeamCountry "GER"]
[BlackTeamCountry "GER"]

1. e4 d6 2. d4 Nf6 3. Nc3 g6 4. Nf3 Bg7 5. Bd3 0-0 6. 0-0 Bg4 7. h3 Bxf3 8. Qxf3 Nc6 9. Ne2 e5 10. c3 Kh8 11. Bg5 h6 12. Bd2 Ng8 13. d5 Nce7 14. Ng3 Qd7 15. Rae1 f5 16. c4 f4 17. Ne2 Nf6 18. Kh2 g5 19. Rh1 Ng6 20. Bc2 Nh4 21. Qd3 f3 22. g3 fxe2 23. gxh4 g4 24. Rxe2 Nh5 25. Rg1 Rf3 26. Re3 Rxf2+ 27. Kh1 Nf4 28. Qc3 Nxh3 29. Be1 Nxg1 30. Bxf2 Nh3 31. Bg3 Qf7 32. Qe1 h5 33. Bd3 Bh6 34. Re2 Qf3+ 35. Kh2 Qxd3 0-1

[Event "Nuremberg LGA Cup 6th"]
[Site "Nuremberg"]
[Date "2009.09.06"]
[Round "6"]
[White "Seidel, Michael"]
[Black "Afek, Yochanan"]
[Result "0-1"]
[WhiteElo "2068"]
[BlackElo "2314"]
[PlyCount "42"]
[EventDate "2009.09.03"]
[EventType "swiss"]
[EventRounds "7"]
[EventCountry "GER"]
[SourceTitle "CBM 132 Extra"]
[Source "ChessBase"]
[SourceDate "2009.11.03"]
[SourceVersion "1"]
[SourceVersionDate "2009.11.03"]
[SourceQuality "1"]

1. e4 c5 2. Nf3 Nc6 3. d4 cxd4 4. Nxd4 g6 5. Nc3 Bg7 6. Be3 Nf6 7. Be2 0-0 8. Nb3 d6 9. 0-0 Be6 10. f4 Rc8 11. Kh1 a6 12. a4 Na5 13. f5 Bc4 14. Bd3 Nxb3 15. cxb3 Bxd3 16. Qxd3 Qa5 17. Bd4 Rfe8 18. Rac1 Ng4 19. Nd5 Rxc1 20. Rxc1 gxf5 21. Bb6 Qxb6 0-1

[Event "Nuremberg LGA Cup 6th"]
[Site "Nuremberg"]
[Date "2009.09.05"]
[Round "4"]
[White "Seidel, Michael"]
[Black "Ruecker, Benjamin"]
[Result "0-1"]
[WhiteElo "2068"]
[BlackElo "2258"]
[PlyCount "90"]
[EventDate "2009.09.03"]
[EventType "swiss"]
[EventRounds "7"]
[EventCountry "GER"]
[SourceTitle "CBM 132 Extra"]
[Source "ChessBase"]
[SourceDate "2009.11.03"]
[SourceVersion "1"]
[SourceVersionDate "2009.11.03"]
[SourceQuality "1"]

1. e4 c5 2. Nf3 d6 3. d4 cxd4 4. Nxd4 Nf6 5. Nc3 a6 6. Be2 e6 7. a4 Be7 8. 0-0 0-0 9. a5 Nc6 10. Nb3 b6 11. axb6 Qxb6 12. Be3 Qc7 13. f4 Bb7 14. Bf3 Nd7 15. Rf2 Nb6 16. Qf1 Bf6 17. Nd1 Rfb8 18. c3 e5 19. g4 exf4 20. Bxf4 Be5 21. Be3 Ne7 22. Bg2 Ng6 23. Na5 Bc8 24. h3 Be6 25. Bd4 Nc4 26. Nxc4 Bxc4 27. Qe1 Bg3 28. Qd2 Bxf2+ 29. Nxf2 Ne5 30. b4 a5 31. bxa5 Rxa5 32. Rxa5 Qxa5 33. Nh1 Qa1+ 34. Kh2 Bf1 35. Bxe5 Bxg2 36. Nf2 dxe5 37. Kxg2 Rc8 38. Nd1 Qa8 39. Kf3 Qc6 40. g5 Qe6 41. Kg3 Qe7 42. Nf2 Rd8 43. Qe3 Qd6 44. Ng4 Qd3 45. Kf2 Qc2+ 0-1

[Event "Budapest FS09 FM"]
[Site "Budapest"]
[Date "2008.09.14"]
[Round "9"]
[White "Seidel, Michael"]
[Black "Lakat, Gyula"]
[Result "1/2-1/2"]
[WhiteElo "2080"]
[BlackElo "1920"]
[PlyCount "56"]
[EventDate "2008.09.06"]
[EventType "tourn"]
[EventRounds "11"]
[EventCountry "HUN"]
[SourceTitle "CBM 126 Extra"]
[Source "ChessBase"]
[SourceDate "2008.11.05"]
[SourceVersion "1"]
[SourceVersionDate "2008.11.05"]
[SourceQuality "1"]

1. e4 c5 2. Nf3 e6 3. d4 cxd4 4. Nxd4 Nf6 5. Bd3 Nc6 6. Nxc6 bxc6 7. c4 e5 8. 0-0 Bc5 9. Nc3 Rb8 10. Rb1 d6 11. a3 a5 12. Na4 Bg4 13. Qe1 Bd4 14. Be3 Bxe3 15. Qxe3 Be6 16. b4 axb4 17. axb4 0-0 18. Nc3 Ng4 19. Qg3 h5 20. h3 h4 21. Qf3 Nh6 22. b5 c5 23. Ra1 Qg5 24. Ra6 Rfd8 25. Rfa1 Bc8 26. Ra7 Bb7 27. Nd5 Bxd5 28. cxd5 Rdc8 1/2-1/2

[Event "Budapest FS09 FM"]
[Site "Budapest"]
[Date "2008.09.11"]
[Round "6"]
[White "Mayer, Istvan"]
[Black "Seidel, Michael"]
[Result "1/2-1/2"]
[WhiteElo "2164"]
[BlackElo "2080"]
[PlyCount "44"]
[EventDate "2008.09.06"]
[EventType "tourn"]
[EventRounds "11"]
[EventCountry "HUN"]
[SourceTitle "CBM 126 Extra"]
[Source "ChessBase"]
[SourceDate "2008.11.05"]
[SourceVersion "1"]
[SourceVersionDate "2008.11.05"]
[SourceQuality "1"]

1. e4 d6 2. d4 Nf6 3. Nc3 g6 4. Bg5 c6 5. Qd2 b5 6. a3 h6 7. Be3 Ng4 8. Bf4 e5 9. dxe5 dxe5 10. Qxd8+ Kxd8 11. Bg3 Bd6 12. Nf3 Nd7 13. h3 Ngf6 14. 0-0-0 Ke7 15. Bh2 a5 16. Bd3 b4 17. Nb1 Ba6 18. a4 Rhc8 19. Bxa6 Rxa6 20. Nbd2 Ne8 21. Nc4 f6 22. Nh4 Nf8 1/2-1/2

[Event "Budapest FS09 FM"]
[Site "Budapest"]
[Date "2008.09.08"]
[Round "3"]
[White "Seidel, Michael"]
[Black "Greeff, Melissa"]
[Result "1/2-1/2"]
[WhiteElo "2080"]
[BlackElo "1965"]
[PlyCount "78"]
[EventDate "2008.09.06"]
[EventType "tourn"]
[EventRounds "11"]
[EventCountry "HUN"]
[SourceTitle "CBM 126 Extra"]
[Source "ChessBase"]
[SourceDate "2008.11.05"]
[SourceVersion "1"]
[SourceVersionDate "2008.11.05"]
[SourceQuality "1"]

1. e4 c5 2. Nf3 e6 3. d4 cxd4 4. Nxd4 a6 5. Be2 Nc6 6. 0-0 Qc7 7. c4 Nf6 8. Nxc6 dxc6 9. Qd3 e5 10. Nc3 Be6 11. Qg3 0-0-0 12. Be3 Bb4 13. Na4 Nd7 14. a3 Be7 15. b4 h5 16. f3 c5 17. Rfb1 f5 18. exf5 Bxf5 19. Rb2 g5 20. bxc5 Bxc5 21. Bxc5 Nxc5 22. Nb6+ Kb8 23. Nd5 Qg7 24. Raa2 h4 25. Qf2 Nd3 26. Bxd3 Bxd3 27. Qc5 Qd7 28. Nb4 Ka8 29. Rd2 Qh7 30. Rab2 Rc8 31. Qxe5 Rhe8 32. Qf6 Re1+ 33. Kf2 Rf1+ 34. Ke3 Bxc4 35. Rd8 Qc7 36. Rbd2 Re1+ 37. Kf2 Rf1+ 38. Ke3 Re1+ 39. Kf2 Rf1+ 1/2-1/2